Planification économique et fédéralisme

Saved in:
Bibliographic Details
Main Author: Dehem, Roger (Author)
Format: Book
Language:French
Published: Ginebra Librairie Droz 1968
Series:Travaux de Droit, D'économie, de Sociologie et de Sciences Politiques, 72
Subjects:
Tags: Add Tag
No Tags, Be the first to tag this record!

MARC

LEADER 00000nam a2200000 a 4500
001 UCT7738
003 CL-VaPUC
008 970317e19680000SZ |||||||||||||||||fre|d
082 0 4 |a 338.9  |b DEH  |2 21 
100 0 |a Dehem, Roger  |e author  |9 378800 
245 1 0 |a Planification économique et fédéralisme 
300 |a 201 p 
942 |c BK 
945 |d 19970317 00:00:00  |a nastorga 
260 |a Ginebra  |b Librairie Droz  |c 1968 
650 7 |a PLANIFICACION ECONOMICA  |2 CL-VaPUC  |9 321496 
650 0 |a Federalismo  |9 313886 
650 0 |a Política económica   |9 255029 
650 0 |a Macroeconomía   |9 260301 
650 7 |a INSTITUCIONES  |2 CL-VaPUC  |9 329701 
650 0 |a Salarios  |9 255321 
650 0 |a Estado  |9 255503 
650 0 |a Trabajo  |9 313876 
650 0 |a Capital   |9 263726 
650 0 |a Desarrollo económico y social   |9 256320 
651 0 |a Francia  |9 255157 
651 0 |a Alemania  |9 255688 
651 7 |a NORUEGA  |2 CL-VaPUC  |9 268907 
651 0 |a Suiza   |9 256768 
651 0 |a Yugoslavia  |9 313912 
583 |a last modification  |c 19970317 00:00:00  |k Rodrigo Vera 
490 0 |a Travaux de Droit, D'économie, de Sociologie et de Sciences Politiques, 72 
999 |c 256286  |d 256284 
952 |0 0  |1 0  |4 0  |6 338_900000000000000_DEH_1968  |7 0  |8 A  |9 278948  |a BIBDER  |b BIBDER  |d 2019-11-19  |i 1810421  |o 338.9 DEH 1968  |p 1810421  |r 2023-01-25  |w 2019-11-19  |y BK  |k DER